[Event "DEN-ch"]
[Site "Esbjerg"]
[Date "1997.03.27"]
[Round "6"]
[White "Danielsen, Henrik"]
[Black "Hansen, Sune Berg"]
[Result "1-0"]
[WhiteElo "2490"]
[BlackElo "2505"]
[PlyCount "79"]
[EventDate "1997.03.22"]
[EventType "tourn"]
[EventRounds "9"]
[EventCountry "DEN"]
[EventCategory "10"]
[Source "ChessBase"]
[SourceDate "1997.09.29"]

1. d4 Nf6 2. Nf3 e6 3. c4 b6 4. g3 Bb7 5. Bg2 Be7 6. O-O O-O 7. Re1 d5 8. cxd5
exd5 9. Nc3 Na6 10. Bf4 c5 11. Rc1 Ne4 12. a3 Bf6 13. Be5 Re8 14. e3 Nxc3 15.
Rxc3 Be7 16. h4 Nb8 17. dxc5 bxc5 18. Rd3 Nd7 19. Bc3 Bf6 20. Ng5 Nb6 21. Qh5
Bxg5 22. hxg5 Qe7 23. Red1 Rad8 24. b3 Ba6 25. R3d2 d4 26. exd4 Be2 27. Bf3
Bxd1 28. Rxd1 cxd4 29. Bxd4 Qxa3 30. Kg2 Qxb3 31. Bxg7 Qc2 32. Bd4 Nc4 33. Rc1
Qxc1 34. g6 fxg6 35. Bd5+ Rxd5 36. Qxd5+ Kf8 37. Bc5+ Kg7 38. Qd7+ Kh6 39. Qxe8
Qa1 40. Bf8+ 1-0

[Event "DEN-ch"]
[Site "Esbjerg"]
[Date "1997.03.24"]
[Round "3"]
[White "Danielsen, Henrik"]
[Black "Larsen, Bent"]
[Result "1-0"]
[WhiteElo "2490"]
[BlackElo "2520"]
[PlyCount "109"]
[EventDate "1997.03.22"]
[EventType "tourn"]
[EventRounds "9"]
[EventCountry "DEN"]
[EventCategory "10"]
[Source "ChessBase"]
[SourceDate "1997.09.29"]

1. e4 c5 2. g3 d5 3. exd5 Qxd5 4. Nf3 Bf5 5. Bg2 Qe6+ 6. Kf1 Nc6 7. d3 Qd7 8.
Na3 e5 9. Be3 Bd6 10. Nc4 Nge7 11. Ng5 b6 12. g4 Bg6 13. a3 Rc8 14. h4 h5 15.
Ne4 Bb8 16. g5 Rd8 17. a4 Nd5 18. Bh3 Qe7 19. Qf3 O-O 20. Rg1 Nf4 21. Re1 Nxh3
22. Qxh3 Nd4 23. Bxd4 Rxd4 24. Qf3 Rfd8 25. b3 Bc7 26. Rg3 a6 27. Kg2 Kf8 28.
Rh3 b5 29. axb5 axb5 30. Ne3 Ba5 31. Ra1 Qc7 32. Rhh1 Bb6 33. Rae1 Qd7 34. Re2
Qc6 35. Nf5 R4d7 36. Rb1 c4 37. bxc4 bxc4 38. dxc4 Ba7 39. Neg3 Qe6 40. Rb5 Bb8
41. Rc5 Kg8 42. Rd5 Kh7 43. Red2 e4 44. Qc3 f6 45. Nxg7 Rxg7 46. Rxd8 Be5 47.
Qa3 Rf7 48. R2d6 Qg4 49. gxf6 Qxh4 50. R6d7 Qxf6 51. Rxf7+ Bxf7 52. Rd7 h4 53.
Qe7 Qf3+ 54. Kg1 Kg6 55. Qxe5 1-0

[Event "DEN-ch"]
[Site "Esbjerg"]
[Date "1997.03.29"]
[Round "8"]
[White "Danielsen, Henrik"]
[Black "Hansen, Curt"]
[Result "1-0"]
[WhiteElo "2490"]
[BlackElo "2605"]
[PlyCount "49"]
[EventDate "1997.03.22"]
[EventType "tourn"]
[EventRounds "9"]
[EventCountry "DEN"]
[EventCategory "10"]
[Source "ChessBase"]
[SourceDate "1997.09.29"]

1. d4 Nf6 2. c4 c5 3. d5 g6 4. Nc3 Bg7 5. e4 d6 6. Nf3 O-O 7. h3 e6 8. Bd3 exd5
9. exd5 Re8+ 10. Be3 Bh6 11. O-O Bxe3 12. fxe3 Nbd7 13. Qd2 Qe7 14. e4 Kg7 15.
Rf2 Ng8 16. Raf1 Rf8 17. Nb5 Nh6 18. Qf4 Ne5 19. Nxe5 dxe5 20. Qg3 f6 21. d6
Qd8 22. Nc7 Rb8 23. Rxf6 Rxf6 24. Rxf6 Bxh3 25. Re6 1-0

[Event "DEN-ch"]
[Site "Esbjerg"]
[Date "1997.03.26"]
[Round "5"]
[White "Danielsen, Henrik"]
[Black "Ochsner, Thomas"]
[Result "1/2-1/2"]
[WhiteElo "2490"]
[BlackElo "2300"]
[PlyCount "82"]
[EventDate "1997.03.22"]
[EventType "tourn"]
[EventRounds "9"]
[EventCountry "DEN"]
[EventCategory "10"]
[Source "ChessBase"]
[SourceDate "1997.09.29"]

1. g3 Nf6 2. Bg2 d5 3. f4 g6 4. Nf3 Bg7 5. O-O b6 6. d3 Bb7 7. Qe1 O-O 8. h3
Nbd7 9. Nc3 Re8 10. g4 e5 11. Nxe5 Nxe5 12. fxe5 Rxe5 13. Bf4 Re7 14. Qh4 Re6
15. Rf2 Qd7 16. Raf1 Rf8 17. Bh6 Ne8 18. Kh1 c5 19. Bxg7 Nxg7 20. e4 d4 21. Ne2
Qe7 22. Qg3 Qd6 23. Qh4 Qe5 24. g5 b5 25. Ng3 Ra6 26. Rf4 Rxa2 27. Rf6 Rxb2 28.
R1f4 Rb1+ 29. Bf1 Ne6 30. Rg4 a5 31. Qh6 a4 32. Rh4 Nxg5 33. Nh5 gxh5 34. Rxh5
Rxf1+ 35. Rxf1 Bxe4+ 36. dxe4 Qxe4+ 37. Kg1 Qe3+ 38. Kh1 Qe4+ 39. Kg1 Qe3+ 40.
Kh1 Qe4+ 41. Kg1 Qe3+ 1/2-1/2

[Event "DEN-ch"]
[Site "Esbjerg"]
[Date "1997.03.22"]
[Round "1"]
[White "Danielsen, Henrik"]
[Black "Hansen, Lars Bo"]
[Result "0-1"]
[WhiteElo "2490"]
[BlackElo "2545"]
[PlyCount "78"]
[EventDate "1997.03.22"]
[EventType "tourn"]
[EventRounds "9"]
[EventCountry "DEN"]
[EventCategory "10"]
[Source "ChessBase"]
[SourceDate "1997.09.29"]

1. f4 e5 2. fxe5 d6 3. exd6 Bxd6 4. Nf3 Nf6 5. e3 Nc6 6. Nc3 a6 7. b3 Qe7 8.
Bb2 Bf5 9. Bd3 Bd7 10. Qe2 Nb4 11. O-O Nxd3 12. cxd3 O-O-O 13. Rac1 Kb8 14. e4
Bg4 15. Kh1 Rhe8 16. Nd1 Nd5 17. Nf2 Bh5 18. Rce1 f6 19. d4 Qf7 20. Nd3 Qg6 21.
Bc3 Qh6 22. Rf2 Bg3 23. Kg1 Nf4 24. Nxf4 Bxf2+ 25. Qxf2 Qxf4 26. d3 Bxf3 27.
gxf3 Qd6 28. Kh1 Rd7 29. Rc1 Ka8 30. Bb2 Rf7 31. Rc5 Rd7 32. Qd2 Red8 33. b4
Qe6 34. d5 Qh3 35. Qf2 c6 36. b5 cxd5 37. e5 fxe5 38. Bxe5 Rf7 39. f4 Rc8 0-1

[Event "DEN-ch"]
[Site "Esbjerg"]
[Date "1997.03.26"]
[Round "5"]
[White "Hansen, Curt"]
[Black "Sahl, Bjarke"]
[Result "1/2-1/2"]
[WhiteElo "2605"]
[BlackElo "2415"]
[PlyCount "83"]
[EventDate "1997.03.22"]
[EventType "tourn"]
[EventRounds "9"]
[EventCountry "DEN"]
[EventCategory "10"]
[Source "ChessBase"]
[SourceDate "1997.09.29"]

1. Nf3 f5 2. g3 Nf6 3. Bg2 g6 4. b3 Bg7 5. Bb2 d6 6. d4 O-O 7. O-O Qe8 8. c4 h6
9. Qc2 Na6 10. Nbd2 c6 11. Rae1 g5 12. e4 fxe4 13. Nxe4 Nxe4 14. Qxe4 Nb4 15.
Qxe7 Qxe7 16. Rxe7 Bf6 17. Re3 Bf5 18. Rd1 a5 19. a3 Nc2 20. Re2 Rae8 21. Rxe8
Rxe8 22. h3 h5 23. Bc3 g4 24. hxg4 hxg4 25. Ne1 Nxa3 26. Bxa5 Nc2 27. d5 c5 28.
Nxc2 Bxc2 29. Rc1 Bxb3 30. Bc7 Be5 31. Bf1 Rc8 32. Ba5 b5 33. Bc3 Bxc3 34. Rxc3
bxc4 35. Be2 Re8 36. Bxg4 Re1+ 37. Kg2 Kf7 38. f4 Re4 39. Kf2 Rd4 40. Bf3 Bd1
41. Bxd1 Rxd1 42. Rxc4 1/2-1/2

[Event "DEN-ch"]
[Site "Esbjerg"]
[Date "1997.03.30"]
[Round "9"]
[White "Hansen, Curt"]
[Black "Hansen, Sune Berg"]
[Result "1/2-1/2"]
[WhiteElo "2605"]
[BlackElo "2505"]
[PlyCount "87"]
[EventDate "1997.03.22"]
[EventType "tourn"]
[EventRounds "9"]
[EventCountry "DEN"]
[EventCategory "10"]
[Source "ChessBase"]
[SourceDate "1997.09.29"]

1. d4 Nf6 2. c4 e6 3. Nf3 b6 4. g3 Ba6 5. Nbd2 Bb7 6. Bg2 c5 7. e4 cxd4 8. Nxd4
Be7 9. O-O O-O 10. b3 d6 11. Bb2 Qc8 12. Rc1 Nbd7 13. Re1 Re8 14. h3 a6 15. Qc2
Qc7 16. b4 Rac8 17. a3 h5 18. N4f3 Qb8 19. Ng5 Qa8 20. h4 Nf8 21. Qa4 e5 22.
Qb3 N6h7 23. Nxh7 Nxh7 24. Qe3 Qa7 25. Qd3 Rc7 26. Nf1 Nf6 27. Ne3 Bc8 28. Rc2
Bd7 29. Nf5 Bf8 30. Bc1 Be6 31. Bg5 Nh7 32. Nxd6 Rd7 33. c5 bxc5 34. bxc5 Nxg5
35. hxg5 Red8 36. Qc3 Bxd6 37. cxd6 Rxd6 38. Qxe5 Rd2 39. Re2 Rd1+ 40. Kh2 Bg4
41. Re3 R1d2 42. Qc3 Rxc2 43. Qxc2 Qe7 44. Rd3 1/2-1/2

[Event "DEN-ch"]
[Site "Esbjerg"]
[Date "1997.03.25"]
[Round "4"]
[White "Hansen, Lars Bo"]
[Black "Hansen, Curt"]
[Result "1/2-1/2"]
[WhiteElo "2545"]
[BlackElo "2605"]
[PlyCount "36"]
[EventDate "1997.03.22"]
[EventType "tourn"]
[EventRounds "9"]
[EventCountry "DEN"]
[EventCategory "10"]
[Source "ChessBase"]
[SourceDate "1997.09.29"]

1. Nf3 g6 2. g3 Bg7 3. Bg2 e5 4. d3 d6 5. O-O Nc6 6. e4 Nge7 7. Nc3 O-O 8. Nh4
Nd4 9. Ne2 Nxe2+ 10. Qxe2 c6 11. Kh1 Be6 12. c3 Qd7 13. Be3 f5 14. exf5 Nxf5
15. Nxf5 Bxf5 16. Qd2 d5 17. d4 e4 18. f3 exf3 1/2-1/2

[Event "DEN-ch"]
[Site "Esbjerg"]
[Date "1997.03.28"]
[Round "7"]
[White "Hansen, Lars Bo"]
[Black "Sahl, Bjarke"]
[Result "1/2-1/2"]
[WhiteElo "2545"]
[BlackElo "2415"]
[PlyCount "70"]
[EventDate "1997.03.22"]
[EventType "tourn"]
[EventRounds "9"]
[EventCountry "DEN"]
[EventCategory "10"]
[Source "ChessBase"]
[SourceDate "1997.09.29"]

1. d4 g6 2. c4 Bg7 3. Nc3 Nf6 4. e4 d6 5. Bd3 O-O 6. Nge2 a6 7. O-O Nbd7 8. f3
c6 9. Be3 b5 10. Qd2 bxc4 11. Bxc4 d5 12. Bd3 dxe4 13. Nxe4 Rb8 14. Rac1 Nd5
15. Bh6 Qb6 16. Bxg7 Kxg7 17. b3 a5 18. Nc5 Nxc5 19. Rxc5 Nb4 20. Rfc1 Rd8 21.
Be4 Be6 22. Nf4 Rd6 23. Nxe6+ Rxe6 24. a3 Nd5 25. Bxd5 cxd5 26. Rxd5 Qxb3 27.
Rxa5 Re3 28. d5 Rd3 29. Qe2 Qb2 30. Qxb2+ Rxb2 31. Kh1 Rdd2 32. Rg1 Ra2 33. h3
h5 34. Kh2 Kf6 35. h4 Rd3 1/2-1/2

[Event "DEN-ch"]
[Site "Esbjerg"]
[Date "1997.03.26"]
[Round "5"]
[White "Hansen, Sune Berg"]
[Black "Schandorff, Lars"]
[Result "1-0"]
[WhiteElo "2505"]
[BlackElo "2510"]
[PlyCount "81"]
[EventDate "1997.03.22"]
[EventType "tourn"]
[EventRounds "9"]
[EventCountry "DEN"]
[EventCategory "10"]
[Source "ChessBase"]
[SourceDate "1997.09.29"]

1. e4 c5 2. Nf3 d6 3. d4 cxd4 4. Nxd4 Nf6 5. Nc3 a6 6. Be2 e5 7. Nb3 Be7 8. O-O
O-O 9. Kh1 Qc7 10. f4 b5 11. fxe5 dxe5 12. Bg5 Nbd7 13. Bd3 h6 14. Bh4 Bb7 15.
a3 g6 16. Qe1 Kg7 17. a4 b4 18. Na2 a5 19. c3 Ba6 20. Bxa6 Rxa6 21. Qe2 Rc6 22.
Rad1 Rb8 23. cxb4 axb4 24. Nac1 Nb6 25. Nd3 Nc4 26. Rf3 Nh5 27. Bxe7 Qxe7 28.
Rdf1 f6 29. g3 Rd8 30. Rc1 Rdc8 31. Rff1 Kh7 32. Qe1 Rb8 33. Rf2 Qd6 34. Ndc5
Nb6 35. Rd2 Qf8 36. a5 Na8 37. Rd7+ Kh8 38. Nb7 Rxc1 39. Qxc1 Rc8 40. Qd2 g5
41. Nd6 1-0

[Event "DEN-ch"]
[Site "Esbjerg"]
[Date "1997.03.22"]
[Round "1"]
[White "Hansen, Sune Berg"]
[Black "Nielsen, Peter Heine"]
[Result "1/2-1/2"]
[WhiteElo "2505"]
[BlackElo "2525"]
[PlyCount "34"]
[EventDate "1997.03.22"]
[EventType "tourn"]
[EventRounds "9"]
[EventCountry "DEN"]
[EventCategory "10"]
[Source "ChessBase"]
[SourceDate "1997.09.29"]

1. e4 e5 2. Nf3 Nc6 3. Bb5 a6 4. Ba4 Nf6 5. O-O Bc5 6. c3 b5 7. Bb3 d6 8. a4
Rb8 9. d4 Bb6 10. axb5 axb5 11. h3 Bb7 12. Re1 O-O 13. Na3 exd4 14. Nxb5 dxc3
15. Nxc3 Ne5 16. Nxe5 dxe5 17. Qf3 Bd4 1/2-1/2

[Event "DEN-ch"]
[Site "Esbjerg"]
[Date "1997.03.28"]
[Round "7"]
[White "Hansen, Sune Berg"]
[Black "Ochsner, Thomas"]
[Result "1/2-1/2"]
[WhiteElo "2505"]
[BlackElo "2300"]
[PlyCount "57"]
[EventDate "1997.03.22"]
[EventType "tourn"]
[EventRounds "9"]
[EventCountry "DEN"]
[EventCategory "10"]
[Source "ChessBase"]
[SourceDate "1997.09.29"]

1. e4 e5 2. Nf3 Nc6 3. Bb5 a6 4. Ba4 Nf6 5. O-O Be7 6. Re1 b5 7. Bb3 d6 8. c3
O-O 9. h3 Na5 10. Bc2 c5 11. d4 Bb7 12. d5 Nc4 13. b3 Nb6 14. a4 Bc8 15. Nbd2
g6 16. Nf1 Nh5 17. Bh6 Re8 18. a5 Nd7 19. Qd2 Bf6 20. b4 Bg7 21. Be3 c4 22. Ra3
Rf8 23. g4 Nf4 24. Bxf4 exf4 25. Qxf4 Ne5 26. Nd4 g5 27. Qe3 Ng6 28. Ng3 Nf4
29. Nge2 1/2-1/2

[Event "DEN-ch"]
[Site "Esbjerg"]
[Date "1997.03.24"]
[Round "3"]
[White "Hansen, Sune Berg"]
[Black "Sahl, Bjarke"]
[Result "1/2-1/2"]
[WhiteElo "2505"]
[BlackElo "2415"]
[PlyCount "60"]
[EventDate "1997.03.22"]
[EventType "tourn"]
[EventRounds "9"]
[EventCountry "DEN"]
[EventCategory "10"]
[Source "ChessBase"]
[SourceDate "1997.09.29"]

1. e4 e5 2. Nf3 Nc6 3. Bb5 a6 4. Ba4 Bc5 5. O-O Nf6 6. c3 O-O 7. d4 Bb6 8. dxe5
Nxe4 9. Qd5 Nc5 10. Bc2 Ne7 11. Qd1 d5 12. exd6 Qxd6 13. Qxd6 cxd6 14. Bg5 Re8
15. Nbd2 d5 16. c4 f6 17. Be3 Bf5 18. Rac1 Bxc2 19. Rxc2 Nd7 20. Bxb6 Nxb6 21.
c5 Nd7 22. Nb3 Rac8 23. Re1 Kf7 24. Kf1 Nc6 25. Rd1 Nb4 26. Rcd2 Nxc5 27. Nxc5
Rxc5 28. a3 Nc6 29. Rxd5 Rxd5 30. Rxd5 Ke6 1/2-1/2

[Event "DEN-ch"]
[Site "Esbjerg"]
[Date "1997.03.29"]
[Round "8"]
[White "Hansen, Sune Berg"]
[Black "Mortensen, Erling"]
[Result "1/2-1/2"]
[WhiteElo "2505"]
[BlackElo "2450"]
[PlyCount "37"]
[EventDate "1997.03.22"]
[EventType "tourn"]
[EventRounds "9"]
[EventCountry "DEN"]
[EventCategory "10"]
[Source "ChessBase"]
[SourceDate "1997.09.29"]

1. e4 c5 2. Nf3 d6 3. d4 cxd4 4. Nxd4 Nf6 5. Nc3 Nc6 6. Bc4 Qb6 7. Nxc6 bxc6 8.
O-O e5 9. Kh1 Be7 10. f4 O-O 11. Qd3 Qd4 12. fxe5 dxe5 13. Be3 Qxd3 14. cxd3
Nd7 15. Na4 Rb8 16. Bb3 Ba6 17. Rad1 Bb5 18. Nc3 Nc5 19. Nxb5 1/2-1/2

[Event "DEN-ch"]
[Site "Esbjerg"]
[Date "1997.03.23"]
[Round "2"]
[White "Larsen, Bent"]
[Black "Schandorff, Lars"]
[Result "1/2-1/2"]
[WhiteElo "2520"]
[BlackElo "2510"]
[PlyCount "149"]
[EventDate "1997.03.22"]
[EventType "tourn"]
[EventRounds "9"]
[EventCountry "DEN"]
[EventCategory "10"]
[Source "ChessBase"]
[SourceDate "1997.09.29"]

1. e4 c5 2. Be2 Nc6 3. Nf3 Nf6 4. Nc3 e5 5. O-O Be7 6. Bc4 O-O 7. d3 d6 8. a3
h6 9. Rb1 Be6 10. Bxe6 fxe6 11. b4 b6 12. Ne2 Qe8 13. c3 Qg6 14. Ng3 Nh5 15. b5
Nxg3 16. fxg3 Nb8 17. c4 Nd7 18. Rb2 a5 19. bxa6 Rxa6 20. Rbf2 Nf6 21. Qb3 Qe8
22. Nd2 Nh7 23. Rxf8+ Nxf8 24. Nb1 Nh7 25. Nc3 Nf6 26. h3 Qc6 27. g4 Ra8 28. g5
hxg5 29. Bxg5 Rf8 30. Rb1 Bd8 31. Qd1 Qe8 32. h4 Nd7 33. Bxd8 Qxd8 34. Qg4 Qf6
35. Kh1 Qh6 36. Qg5 Qxg5 37. hxg5 Kh7 38. Nb5 Kg6 39. Nxd6 Kxg5 40. Kg1 Kg4 41.
Rf1 Rxf1+ 42. Kxf1 Kg5 43. Kf2 Kf4 44. Nf7 Kg4 45. g3 g5 46. Kg2 Kh5 47. Nd8
Nf8 48. Nc6 Nd7 49. a4 Kg4 50. Nd8 Nf8 51. Kf2 Kh5 52. Nc6 Ng6 53. Kf3 g4+ 54.
Ke2 Kg5 55. Kd1 Kf6 56. a5 bxa5 57. Nxa5 Nf8 58. Nc6 Nd7 59. Kc2 Nf8 60. Kd2
Nd7 61. Kc3 Nf8 62. Nd8 Ke7 63. Nb7 Nd7 64. Kd2 Kf7 65. Kc2 Ke7 66. Kc3 Nf6 67.
Nxc5 Nh5 68. d4 exd4+ 69. Kxd4 Nxg3 70. Ke3 Kd6 71. Nd3 e5 72. Nf2 Kc5 73. Kd3
Kb4 74. Nxg4 Nxe4 75. Kxe4 1/2-1/2

[Event "DEN-ch"]
[Site "Esbjerg"]
[Date "1997.03.30"]
[Round "9"]
[White "Mortensen, Erling"]
[Black "Ochsner, Thomas"]
[Result "1/2-1/2"]
[WhiteElo "2450"]
[BlackElo "2300"]
[PlyCount "129"]
[EventDate "1997.03.22"]
[EventType "tourn"]
[EventRounds "9"]
[EventCountry "DEN"]
[EventCategory "10"]
[Source "ChessBase"]
[SourceDate "1997.09.29"]

1. e4 e5 2. Nf3 Nc6 3. Bb5 a6 4. Ba4 Nf6 5. O-O Be7 6. Re1 b5 7. Bb3 d6 8. c3
O-O 9. d4 Bg4 10. d5 Na5 11. Bc2 Qc8 12. h3 Bd7 13. Nbd2 c6 14. dxc6 Bxc6 15.
Nf1 Re8 16. Ng3 g6 17. Bh6 Qc7 18. Qc1 Kh8 19. a4 Ng8 20. Be3 Nc4 21. Bb3 Bf8
22. axb5 axb5 23. Rxa8 Bxa8 24. Rd1 h6 25. h4 Kh7 26. h5 Nf6 27. hxg6+ fxg6 28.
Bc2 Rc8 29. Bb1 Bc6 30. b3 Na5 31. Bc2 Bd7 32. Bd2 Bg4 33. Re1 Bxf3 34. gxf3
Nc6 35. Kg2 Nd4 36. Rh1 h5 37. Bd1 b4 38. c4 Ne6 39. f4 exf4 40. Bxf4 Qf7 41.
Be3 Ra8 42. Qd2 Kg8 43. Bf3 Ng4 44. Bxg4 hxg4 45. Qd1 Qf3+ 46. Qxf3 gxf3+ 47.
Kxf3 Ra2 48. Rb1 Rc2 49. Ne2 Bg7 50. Rd1 Be5 51. Rd2 Rxd2 52. Bxd2 Nc5 53. Bxb4
Nxb3 54. Kg4 Kf7 55. f4 Bg7 56. Kf3 Ke6 57. Kg4 Bf6 58. f5+ gxf5+ 59. exf5+ Kd7
60. Kh5 Kc6 61. Kg6 Be5 62. Nf4 Bxf4 63. f6 Nc5 64. f7 Nd7 65. Kg7 1/2-1/2

[Event "DEN-ch"]
[Site "Esbjerg"]
[Date "1997.03.22"]
[Round "1"]
[White "Mortensen, Erling"]
[Black "Hansen, Curt"]
[Result "0-1"]
[WhiteElo "2450"]
[BlackElo "2605"]
[PlyCount "68"]
[EventDate "1997.03.22"]
[EventType "tourn"]
[EventRounds "9"]
[EventCountry "DEN"]
[EventCategory "10"]
[Source "ChessBase"]
[SourceDate "1997.09.29"]

1. e4 c5 2. Nf3 d6 3. d4 cxd4 4. Nxd4 Nf6 5. Nc3 Nc6 6. Bc4 Qb6 7. Nb3 e6 8.
Bf4 Ne5 9. Be2 Bd7 10. Be3 Qc7 11. f4 Nc4 12. Bxc4 Qxc4 13. Qf3 Bc6 14. Bd4 Be7
15. O-O-O O-O 16. Rhe1 a5 17. Rd3 Rfc8 18. Nd2 Qa6 19. Qh3 b5 20. Rg3 b4 21.
Nd5 exd5 22. exd5 Bd7 23. Qh6 Rxc2+ 24. Kxc2 Qc8+ 25. Kb3 Bg4 26. Rxg4 a4+ 27.
Kxb4 Nxd5+ 28. Ka3 Qxg4 29. Qh3 Qxf4 30. Qd3 Bf8 31. g3 Qg4 32. Qc4 Ne3 33. Qd3
d5+ 34. b4 Qxd4 0-1

[Event "DEN-ch"]
[Site "Esbjerg"]
[Date "1997.03.24"]
[Round "3"]
[White "Mortensen, Erling"]
[Black "Hansen, Lars Bo"]
[Result "0-1"]
[WhiteElo "2450"]
[BlackElo "2545"]
[PlyCount "120"]
[EventDate "1997.03.22"]
[EventType "tourn"]
[EventRounds "9"]
[EventCountry "DEN"]
[EventCategory "10"]
[Source "ChessBase"]
[SourceDate "1997.09.29"]

1. e4 e5 2. Nf3 Nc6 3. Bb5 Nf6 4. Qe2 Bd6 5. c3 O-O 6. d3 Re8 7. Nbd2 a6 8. Ba4
b5 9. Bb3 Na5 10. Bc2 c5 11. O-O Bf8 12. Nb3 Nc6 13. a4 Bb7 14. Bg5 Rc8 15.
axb5 axb5 16. Nh4 h6 17. Be3 d6 18. Nf5 Ne7 19. Nxe7+ Qxe7 20. f3 d5 21. Ra7 d4
22. Na5 Rc7 23. cxd4 cxd4 24. Bf2 Bxe4 25. Rxc7 Qxc7 26. fxe4 Qxa5 27. Bh4 Be7
28. Bb3 Qb4 29. Qd1 Rf8 30. Be1 Qd6 31. Bd2 Nh7 32. Qh5 Bf6 33. h4 Qe7 34. g3
Kh8 35. Kg2 g6 36. Qf3 h5 37. g4 Bxh4 38. gxh5 Bg5 39. Be1 Bf4 40. Rh1 Kg7 41.
Bh4 g5 42. h6+ Kh8 43. Be1 g4 44. Qd1 Rg8 45. Qc2 Qf6 46. Qc7 Rf8 47. Bh4 Bg5
48. Rf1 Qxh6 49. Bxg5 Qh3+ 50. Kf2 Qh2+ 51. Ke1 Nxg5 52. Qe7 Qg3+ 53. Rf2 Qe3+
54. Kf1 Qxd3+ 55. Re2 Qh3+ 56. Rg2 Qh1+ 57. Rg1 Qf3+ 58. Ke1 Qxe4+ 59. Kf1 Qd3+
60. Kg2 Qf3+ 0-1

[Event "DEN-ch"]
[Site "Esbjerg"]
[Date "1997.03.26"]
[Round "5"]
[White "Mortensen, Erling"]
[Black "Larsen, Bent"]
[Result "1-0"]
[WhiteElo "2450"]
[BlackElo "2520"]
[PlyCount "109"]
[EventDate "1997.03.22"]
[EventType "tourn"]
[EventRounds "9"]
[EventCountry "DEN"]
[EventCategory "10"]
[Source "ChessBase"]
[SourceDate "1997.09.29"]

1. e4 c5 2. Nf3 g6 3. d4 cxd4 4. Nxd4 Bg7 5. Nc3 Nc6 6. Be3 Nf6 7. Be2 O-O 8.
Nb3 d6 9. f4 Be6 10. O-O Qc8 11. Kh1 Re8 12. Bd3 Nb4 13. Nd4 Bc4 14. f5 Nd7 15.
a3 Bxd3 16. cxd3 Nc6 17. Nf3 Nf6 18. Ng5 e6 19. fxe6 fxe6 20. d4 h6 21. Nh3 Rf8
22. d5 exd5 23. exd5 Ne5 24. Nf4 Nfg4 25. Bd4 Qc4 26. h3 Nf6 27. b3 Qxf1+ 28.
Qxf1 Nh5 29. Nxh5 Rxf1+ 30. Rxf1 gxh5 31. Nb5 Nf7 32. Bxa7 Rc8 33. Be3 Re8 34.
Bf4 Re4 35. Bxd6 Re3 36. Bb4 Rxb3 37. Rd1 Ne5 38. Nd4 Rd3 39. Rxd3 Nxd3 40. Nf5
Bf8 41. Bxf8 Kxf8 42. Kh2 Nf4 43. d6 Ke8 44. Kg3 Ng6 45. Nxh6 Kd7 46. Nf5 Ne5
47. Kh4 Nc4 48. a4 Nb2 49. Kxh5 Nxa4 50. Kg6 b5 51. h4 Nc5 52. h5 Ne6 53. h6 b4
54. Nd4 Kxd6 55. Kf6 1-0

[Event "DEN-ch"]
[Site "Esbjerg"]
[Date "1997.03.28"]
[Round "7"]
[White "Mortensen, Erling"]
[Black "Danielsen, Henrik"]
[Result "1-0"]
[WhiteElo "2450"]
[BlackElo "2490"]
[PlyCount "86"]
[EventDate "1997.03.22"]
[EventType "tourn"]
[EventRounds "9"]
[EventCountry "DEN"]
[EventCategory "10"]
[Source "ChessBase"]
[SourceDate "1997.09.29"]

1. e4 e5 2. Nf3 d6 3. d4 exd4 4. Nxd4 g6 5. Nc3 Bg7 6. Be3 Nf6 7. Qd2 O-O 8.
O-O-O Re8 9. f3 Nc6 10. g4 Ne5 11. Be2 a6 12. Bh6 Bh8 13. Bg5 b5 14. h4 Bb7 15.
h5 c5 16. hxg6 cxd4 17. gxh7+ Kf8 18. Qxd4 Re6 19. Nd5 Bxd5 20. exd5 Re8 21. f4
Ng6 22. Bd3 Nxg4 23. Bxg6 Bxd4 24. Rxd4 Kg7 25. Bxd8 Raxd8 26. Bd3 Nf6 27. a4
bxa4 28. Rxa4 Nxd5 29. Bxa6 Ra8 30. Rd1 Nb6 31. Ra3 d5 32. Rg1+ Kh8 33. Bd3
Rad8 34. Ra7 Rf8 35. b3 d4 36. Kd2 Nd5 37. Bc4 Nxf4 38. Rxf7 Rxf7 39. Bxf7 Kxh7
40. Rg4 Nh3 41. Rh4+ Kg7 42. Rxh3 Kxf7 43. Kd3 Ke6 1-0

[Event "DEN-ch"]
[Site "Esbjerg"]
[Date "1997.03.30"]
[Round "9"]
[White "Nielsen, Peter Heine"]
[Black "Danielsen, Henrik"]
[Result "1-0"]
[WhiteElo "2525"]
[BlackElo "2490"]
[PlyCount "71"]
[EventDate "1997.03.22"]
[EventType "tourn"]
[EventRounds "9"]
[EventCountry "DEN"]
[EventCategory "10"]
[Source "ChessBase"]
[SourceDate "1997.09.29"]

1. e4 g6 2. d4 Bg7 3. c4 d6 4. Nc3 Nc6 5. d5 Nd4 6. Be3 c5 7. Nge2 Qb6 8. Na4
Qa5+ 9. Bd2 Qd8 10. Bc3 Bg4 11. f3 Bxf3 12. gxf3 Nxf3+ 13. Kf2 Ne5 14. Bh3 h5
15. Ng1 g5 16. Nf3 g4 17. Nxe5 dxe5 18. Nxc5 Nf6 19. Qa4+ Kf8 20. Bg2 h4 21. h3
Rh6 22. Nd3 Rc8 23. c5 e6 24. d6 b6 25. Qxa7 Nd7 26. cxb6 Kg8 27. b7 Rc4 28.
hxg4 Qg5 29. Qe3 Qd8 30. g5 Rh5 31. Bf3 Rxg5 32. Rxh4 f5 33. Rah1 Rxc3 34. bxc3
f4 35. Qa7 Kf7 36. b8=Q {Und endlich gab Schwarz in vllig verlorener Stellung
auf.} 1-0

[Event "DEN-ch"]
[Site "Esbjerg"]
[Date "1997.03.25"]
[Round "4"]
[White "Ochsner, Thomas"]
[Black "Nielsen, Peter Heine"]
[Result "0-1"]
[WhiteElo "2300"]
[BlackElo "2525"]
[PlyCount "120"]
[EventDate "1997.03.22"]
[EventType "tourn"]
[EventRounds "9"]
[EventCountry "DEN"]
[EventCategory "10"]
[Source "ChessBase"]
[SourceDate "1997.09.29"]

1. e4 c6 2. d4 d5 3. exd5 cxd5 4. c4 Nf6 5. Nc3 e6 6. Nf3 Bb4 7. cxd5 Nxd5 8.
Qc2 Nc6 9. a3 Be7 10. Bd3 h6 11. O-O O-O 12. Rd1 Qb6 13. h3 Bf6 14. Nxd5 exd5
15. Be3 Be6 16. Qd2 Ne7 17. Rac1 Nf5 18. Bxf5 Bxf5 19. Rc5 Be6 20. Bf4 Rfc8 21.
Rdc1 Rxc5 22. Rxc5 Rc8 23. Rxc8+ Bxc8 24. Be5 Be7 25. Qc3 Bf5 26. Bc7 Qb5 27.
Bf4 g5 28. Bb8 a6 29. Qc7 Qd7 30. Qxd7 Bxd7 31. Kf1 f6 32. h4 Kf7 33. hxg5 hxg5
34. Ke2 Bf8 35. Ne1 Bb5+ 36. Ke3 Ke6 37. g4 Kd7 38. f4 Kc8 39. Ba7 gxf4+ 40.
Kxf4 Bd7 41. Bb6 Bh6+ 42. Kg3 Bb5 43. Ba5 Bc1 44. Bc3 Kd7 45. Ng2 Bd3 46. Nf4
Be4 47. Nh5 f5 48. gxf5 Bxf5 49. Kf2 Kc6 50. Ng3 Bg4 51. Ne2 Bg5 52. Ke1 Kb5
53. b3 Kc6 54. Bd2 Bh4+ 55. Kd1 Bf2 56. Bc3 Be3 57. Ke1 Kd7 58. Bd2 Bxd2+ 59.
Kxd2 Bxe2 60. Kxe2 Ke6 0-1

[Event "DEN-ch"]
[Site "Esbjerg"]
[Date "1997.03.27"]
[Round "6"]
[White "Ochsner, Thomas"]
[Black "Hansen, Lars Bo"]
[Result "0-1"]
[WhiteElo "2300"]
[BlackElo "2545"]
[PlyCount "100"]
[EventDate "1997.03.22"]
[EventType "tourn"]
[EventRounds "9"]
[EventCountry "DEN"]
[EventCategory "10"]
[Source "ChessBase"]
[SourceDate "1997.09.29"]

1. e4 e5 2. Nf3 Nc6 3. d4 exd4 4. Nxd4 Bc5 5. Nxc6 Qf6 6. Qd2 dxc6 7. Nc3 Ne7
8. Qf4 Ng6 9. Qxf6 gxf6 10. Na4 Bd4 11. c3 Be5 12. Nc5 Bd6 13. Nb3 Rg8 14. f3
c5 15. Be3 b6 16. Kf2 h5 17. Nd2 Bd7 18. Nc4 Be7 19. a4 O-O-O 20. Be2 a5 21.
Rhd1 h4 22. b3 Rde8 23. Ra2 Bf8 24. Rad2 Bc6 25. Na3 Kb7 26. Bc4 Ne5 27. Bd5
Bxd5 28. Rxd5 Be7 29. R5d2 Rg6 30. h3 Rgg8 31. Nb5 c4 32. f4 Nd3+ 33. Kf1 Bc5
34. bxc4 Bxe3 35. Rxd3 Rxe4 36. Rd7 Bxf4 37. Rxf7 Rge8 38. c5 bxc5 39. Rb1 Kc6
40. Rxf6+ Bd6 41. Rd1 Rd8 42. Ra1 Rf4+ 43. Rxf4 Bxf4 44. Ra2 Kd5 45. Na3 Bc1
46. c4+ Ke4 47. Re2+ Kd3 48. Nb5 Bf4 49. Na3 Bg3 50. Re7 c6 0-1